Japans industrielle lehrzeit

محفوظ في:
التفاصيل البيبلوغرافية
المؤلف الرئيسي: Pauer, Erich
التنسيق: كتاب
اللغة:Undetermined
منشور في: Germany Bonn 1983
الموضوعات:
الوسوم: إضافة وسم
لا توجد وسوم, كن أول من يضع وسما على هذه التسجيلة!
Thư viện lưu trữ: Trung tâm Học liệu Trường Đại học Cần Thơ
LEADER 00586nam a2200205Ia 4500
001 CTU_99744
008 210402s9999 xx 000 0 und d
082 |a 338.06 
082 |b P323 
100 |a Pauer, Erich 
245 0 |a Japans industrielle lehrzeit 
245 0 |c Erich Pauer 
260 |a Germany 
260 |b Bonn 
260 |c 1983 
650 |a Technological innovations,Technology transfer,Industrial management 
650 |x Economic aspects,Eeconomic aspects 
650 |z Japan,Japan,Japan 
904 |i Truc 
980 |a Trung tâm Học liệu Trường Đại học Cần Thơ